K pojmom ľudskej prirodzenosti a kultúry a k ich funkcii v sociálnom poznaní

Postštrukturalizmus a jeho myšlienkové dedičstvo. Kríza vedeckého poznania v zrkadle postmodernizmu a reflexia modernity. Návrat filozofickej antropológie a integrácia Európy. Pojem kultúry v zrkadle stručnej historickej retrospektívy. Etymologický pojem kultúry. Typológia kultúry. Ľudská priro...

Ausführliche Beschreibung

Gespeichert in:
Bibliographische Detailangaben
1. Verfasser: Sedová, Tatiana
Format: Buchkapitel
Sprache:Slowakisch
Schlagworte:
Tags: Tag hinzufügen
Keine Tags, Fügen Sie das erste Tag hinzu!

MARC

LEADER 00000naa$a2200000$$$4500
001 0085603
005 20231121094201.9
041 0 |a slo 
044 |a SK 
245 1 0 |a K pojmom ľudskej prirodzenosti a kultúry a k ich funkcii v sociálnom poznaní  |c Tatiana Sedová 
520 |a Postštrukturalizmus a jeho myšlienkové dedičstvo. Kríza vedeckého poznania v zrkadle postmodernizmu a reflexia modernity. Návrat filozofickej antropológie a integrácia Európy. Pojem kultúry v zrkadle stručnej historickej retrospektívy. Etymologický pojem kultúry. Typológia kultúry. Ľudská prirodzenosť. 
610 2 0 |a kultúra 
610 2 0 |a etika 
610 2 0 |a postmodernizmus 
610 2 0 |a antropológia 
610 2 0 |a filozofia 
610 2 0 |a história 
100 1 |a Sedová, Tatiana